US History Hodgepodge Quiz Stats

 Plays Quiz Updated Nov 25, 2014

Challenge
Share
Tweet
Embed
Score 0/40 Timer 08:00
4 Plays Today
Hint Answer % Correct
Where in Hawaii did the Japanese make a surprise attack?Pearl Harbor
98.1%
Which man effectively used the assembly line to mass produce the Model T?Henry Ford
94.9%
Richard Nixon resigned as a result of what scandal?Watergate
94.1%
Who gave the 'I Have a Dream' speech in 1963?Martin Luther King, Jr.
93.6%
What are the first 10 amendments called?Bill of Rights
90.8%
In what city was JFK shot?Dallas, Texas
88.3%
Who conducted a famous kite experiment?Benjamin Franklin
86.9%
On what ship did the Pilgrims arrive at Plymouth?Mayflower
85.6%
What did the US hunt in order to weaken the Plains Indians?American Bison
85.5%
Which US president helped thaw the Cold War by traveling to China in 1972?Richard Nixon
85.4%
What was the name of the failed invasion of Cuba?Bay of Pigs Invasion
85.1%
What socioeconomic system did people fear during the 'Red Scare' of the 1950s?Communism
84.8%
Which president was almost killed by someone trying to impress Jodie Foster?Ronald Reagan
84.1%
Which two men explored the Louisiana Territory?Lewis and Clark
82.8%
What natural disaster hurt farmers in the Midwest during the 1930s?Dust Bowl
82.1%
What woman was nicknamed the 'Moses' of the underground railroad?Harriet Tubman
79.1%
What state had a land rush with 'boomers' and 'sooners'?Oklahoma
77.8%
In what battle was Davy Crockett killed?Alamo
77.2%
What was FDR's plan to end the Great Depression?New Deal
75.9%
Who was 'Old Hickory'?Andrew Jackson
75.5%
Hint Answer % Correct
What is abolitionist Harriet Beecher Stowe's best-known novel?Uncle Tom's Cabin
74.9%
Which leader in women's suffrage later appeared on a dollar coin?Susan B. Anthony
73.9%
For what industry was John D. Rockefeller most famous?Oil
73.1%
Who is commonly credited with sewing the first US flag?Betsy Ross
73%
Seward's Folly referred to what land purchase?Alaska
72.8%
Who patented, and is commonly credited with the invention of, the cotton gin?Eli Whitney
72.5%
What was the first permanent English colony in the US?Jamestown
71.4%
What predecessor to the UN did Woodrow Wilson help create?League of Nations
71%
On which campus were 4 students killed during a Vietnam War protest?Kent State
67.8%
Which president issued an important doctrine establishing US isolation?James Monroe
67.3%
What Scottish-American controlled much of the steel industry in the late 19th century?Andrew Carnegie
66.9%
Who flew The Spirit of St. Louis?Charles Lindbergh
66.6%
What nickname did Thomas Jackson earn in the Civil War?'Stonewall'
65.6%
Who was the first Secretary of the Treasury?Alexander Hamilton
65.4%
Which of the 13 colonies was originally envisioned as a haven for debtors?Georgia
63.6%
Who said, 'Give me liberty or give me death!'?Patrick Henry
61.7%
Who was the first president to die while in office?William Henry Harrison
60.7%
Who was the 'Wizard of Menlo Park'?Thomas Edison
59.1%
The Teller Amendment stated that the Spanish-American War was to help what nation gain independence?Cuba
58.6%
What was the first constitution of the US?Articles of Confederation
55%

You're not logged in!

Compare scores with friends on all Sporcle quizzes.
Join for Free
OR
Log In

You Might Also Like...

Show Comments

Extras

Top Quizzes Today


Score Distribution

Your Account Isn't Verified!

In order to create a playlist on Sporcle, you need to verify the email address you used during registration. Go to your Sporcle Settings to finish the process.

Report this User

Report this user for behavior that violates our Community Guidelines.

Details: